=LDR 00000nam 2200000 4500 =001 INLIS000000000031625 =005 20130612133704 =008 ***********************************ind** =035 ##$$0010-061300000031625 =041 ##$$a ind =082 ##$$a F Rom k =090 ##$$a f Rom k, Kar, p =100 ##$$a KARTAATMAJA, Herlina =245 ##$$a Priki faund a shiring box, by Herlina; editor M.Ihsan =260 ##$$a 2008 $b Jakarta =650 ##$$a FIKSI ANAK_ANAK =700 ##$$a IHSAN,M =850 ##$$a NBPNMAT